Caricamento...
CHILAEDAI VENPA noortkothu uraiyutan Chinkai chilaedai venpa,kalasai chilaedai venpa,Nellai chila /
| Lingua: | Undetermined |
|---|---|
| Serie: | Kazhaka veliyeedu
|
| LEADER | 00413nam a2200109Ia 4500 | ||
|---|---|---|---|
| 001 | 59575 | ||
| 008 | 170722s9999 xx 000 0 und d | ||
| 245 | |a CHILAEDAI VENPA noortkothu uraiyutan |b Chinkai chilaedai venpa,kalasai chilaedai venpa,Nellai chila / | ||
| 490 | |a Kazhaka veliyeedu | ||
| 942 | |c GEN | ||
| 999 | |c 39652 |d 39652 | ||
| 952 | |0 1 |1 0 |4 0 |6 O_311MX_G8 |7 0 |9 53603 |a LIB |b LIB |d 2017-08-12 |o O31,1Mx G8 |p 37368 |r 2017-08-12 |w 2017-08-12 |y GEN | ||